000
00189 a2200097 4500
001
10049
100
_a
Stamp, L.D.
245
_a
World, the :
260
_a
_b
Green
_c
090
_c
7801
_d
7801
942
_a
NUST-CAE
_c
M
_c
34491
999
_c
245122
_d
245122